App Icons - Statistiken

Allgemein
  • Dieses Quiz wurde 114 mal gespielt
  • Das Durchschnittsergebnis liegt bei 18 aus 22
Antwortstatistiken
Bildquiz Antwort % Korrekt
YouTube
100%
Amazon
99%
Google Maps
99%
Instagram
99%
Snapchat
98%
Facebook
96%
Spotify
96%
TikTok
96%
WhatsApp
96%
McDonald’s
95%
Twitch
94%
Lieferando
88%
Zalando
86%
Hay Day
85%
Subway Surfers
85%
Kleinanzeigen
84%
Temple Run
75%
Brawl Stars
73%
ChatGPT
71%
Fruit Ninja
70%
Keynote
29%
Flo
27%
Keine übereinstimmenden Quizze gefunden
Verteilung der Resultate
Anzahl Personen mit jedem Resultat
Perzentil nach korrekt beantworteten Fragen
Ihre Resultats-Entwicklung
Sie haben dieses Quiz noch nicht gespielt